000 01168cam a2200349 a 4500
001 14449814
003 OSt
005 20140310181638.0
008 060713s2006 dcua c 001 0 eng
010 _a 2006279214
020 _a9780060877231 (pbk.)
020 _a0060877235 (pbk.)
040 _aDLC
_cDLC
_dDLC
050 0 0 _aQB 46
_b.Si594 2006
082 0 0 _aTR 520.21
_bSi1 2002
100 1 _aSimon, Seymour.
_91176
245 1 0 _aDestination :
_cSeymour Simon.
_bspace /
250 _aRev. ed.
260 _a[Washington, D.C.] :
_bSmithsonian ;
_aNew York :
_bCollins,
_cc2006.
300 _a30 p. :
_bcol. ill. ;
_c26 cm.
500 _aIncludes index.
521 _aFaculty
541 _j1
562 _eFor circulation. One copy available in the collection
610 2 0 _aHubble Space Telescope (Spacecraft)
_vJuvenile literature.
_91177
610 2 1 _aHubble Space Telescope (Spacecraft)
_91178
650 0 _aAstronomy
_vJuvenile literature.
_91179
650 1 _aAstronomy.
_91180
906 _a7
_bcbc
_corigcop
_d2
_encip
_f20
_gy-gencatlg
942 _2lcc
_cBK-TR
_kTR
999 _c754
_d754